Los mártires y la inclusión: análisis teológico /

में बचाया:
ग्रंथसूची विवरण
मुख्य लेखक: Sobrino, Jon
स्वरूप: मूलपाठ
टैग: टैग जोड़ें
कोई टैग नहीं, इस रिकॉर्ड को टैग करने वाले पहले व्यक्ति बनें!

MARC

LEADER 00000 a a2200000 04500
001 40699
003
040
100 |a Sobrino, Jon  
245 |a Los mártires y la inclusión:   |b análisis teológico /  |c Jon Sobrino  
500 |a jsobrino@buho.uca.edu.sv  
773 |g número718 ( , 2008), páginas 517-530  
999 |c 27592  |d 27592